Numerical Methods (Record no. 244897)

MARC details
000 -LEADER
fixed length control field 00378pam a2200145 a 4500
020 ## - INTERNATIONAL STANDARD BOOK NUMBER
International Standard Book Number 978-81-224-3323-4
Terms of availability
041 ## - LANGUAGE CODE
Language code of original
082 ## - DEWEY DECIMAL CLASSIFICATION NUMBER
Classification number 518.6
100 ## - MAIN ENTRY--PERSONAL NAME
Personal name Jain M.K. & Iyengar S.R.K.
Relator term Author
245 ## - TITLE STATEMENT
Title Numerical Methods
Statement of responsibility, etc. Jain M.K. & Iyengar S.R.K.
Medium Textual Documents
250 ## - EDITION STATEMENT
Edition statement 6th Ed.
260 ## - PUBLICATION, DISTRIBUTION, ETC.
Name of publisher, distributor, etc. New Age Omtermatopmal Pub.
Date of publication, distribution, etc. 2012
300 ## - PHYSICAL DESCRIPTION
Extent 722
930 ## - EQUIVALENCE OR CROSS-REFERENCE-UNIFORM TITLE HEADING [LOCAL, CANADA]
Uniform title 827
Holdings
Withdrawn status Lost status Damaged status Not for loan Collection Home library Current library Date acquired Source of acquisition Cost, normal purchase price Total Checkouts Full call number Barcode Date last seen Copy number Price effective from Koha item type
          College of Engineering, Lavale, Pune College of Engineering, Lavale, Pune 01/01/1900 BMSGB Ltd. 395.00   518.6 ECL-03328 03/04/2023 5 03/04/2023 Book
          College of Engineering, Lavale, Pune College of Engineering, Lavale, Pune 01/01/1900 BMSGB Ltd. 395.00   518.6 ECL-03327 03/04/2023 4 03/04/2023 Book
          College of Engineering, Lavale, Pune College of Engineering, Lavale, Pune 01/01/1900 BMSGB Ltd. 395.00   518.6 ECL-03326 03/04/2023 3 03/04/2023 Book
          College of Engineering, Lavale, Pune College of Engineering, Lavale, Pune 01/01/1900 BMSGB Ltd. 395.00   518.6 ECL-03325 03/04/2023 2 03/04/2023 Book
          College of Engineering, Lavale, Pune College of Engineering, Lavale, Pune 01/01/1900 BMSGB Ltd. 395.00   518.6 ECL-03324 03/04/2023 1 03/04/2023 Book